000 00799cam a2200277 4500
008 090401t1997 xxu||||| |||| 00| 0 eng d
020 _a0632040793
035 _a(Sirsi) u79459
041 _aeng
050 _a624.08
100 _aBunni, Nael G
245 4 _aThe FIDIC Form of Contract : the fourth edition of the Red Book.
250 _a2nd ed.
260 _aOxford
_bBlackwell Science
_c1997
300 _axxv,658p. ; 25cm.
350 _a79.5
520 _aSuperseded by the third edition (ISBN: 1405120312).
650 _aENGINEERING CONTRACTS
650 _aFIDIC CONDITIONS OF CONTRACT
650 _aFIDIC FORM OF CONTRACT
650 _aFIDIC RED BOOK
650 _aRICS APPRAISAL AND VALUATION MANUAL
690 _aBUILT ENVIRONMENT
942 _n0
948 _c04/07/1997
999 _c96541
_d96541